| 000 | 00350nam a22001457a 4500 | ||
|---|---|---|---|
| 020 | _qPB. | ||
| 040 | _cFIZZA ISHAQ | ||
| 082 |
_a621.367 _bGON |
||
| 100 |
_aC,R GONZALEZ. _9109047 |
||
| 245 |
_aDIGITAL IMAGE PROCESSING / _cGONZALES R.C. |
||
| 250 | _a4TH EDITION. | ||
| 260 |
_aINDIA ; _bPEARSON, _c2020. |
||
| 300 | _a1019 P. ; | ||
| 942 |
_2ddc _cBK |
||
| 999 |
_c593270 _d593270 |
||